|
|
|
|
| LEADER |
00000nam a2200000 a 4500 |
| 001 |
UCI4853 |
| 003 |
CL-VaPUC |
| 008 |
080307e19350000SP |||||||||||||||||spa|d |
| 082 |
0 |
4 |
|a 425
|b DOM
|2 21
|
| 100 |
0 |
|
|a Domenech, Estanislao
|e author
|9 526912
|
| 245 |
1 |
0 |
|a Gramática inglesa
|
| 250 |
|
|
|a 4a. ed
|
| 300 |
|
|
|a 272 p
|
| 942 |
|
|
|c BK
|
| 945 |
|
|
|d 20080307 00:00:00
|a rbrito
|
| 260 |
|
|
|a Barcelona
|b Casals
|c 1935
|
| 500 |
|
|
|a Donación padres capuchinos
|
| 650 |
|
7 |
|a INGLES GRAMATICA
|2 CL-VaPUC
|9 313180
|
| 650 |
|
0 |
|a Enseñanza del inglés
|9 367340
|
| 650 |
|
0 |
|a Enseñanza de idiomas
|9 339820
|
| 583 |
|
|
|a last modification
|c 20080307 00:00:00
|k Rodrigo Vera
|
| 999 |
|
|
|c 328700
|d 328698
|
| 952 |
|
|
|0 0
|1 0
|4 0
|6 425_000000000000000_DOM_1935
|7 0
|8 X
|9 412771
|a FDOBUD
|b FDOBUD
|d 2019-11-22
|i 4409167
|o 425 DOM 1935
|p 4409167
|r 2019-11-22
|w 2019-11-22
|y BK_X
|k BUD
|